00301nam a2200121Ia 4500008004100000041000800041082001200049100002000061245002000081260003500101300003200136365001100168240624s9999 xx 000 0 und d aeng a823 DIC aDICKENS CHARLES aCHRISTMAS CAROL c2010aNew DelhibHarperCollins aviii, : 128 : p. : cm. ; 18 cRSb25